Les notions clés de l'ethnologie : Analyses et textes (notice n° 2005183)

détails MARC
000 -LEADER
fixed length control field 01477cam a2200157 4500500
005 - DATE AND TIME OF LATEST TRANSACTION
control field 20260329054618.0
041 ## - LANGUAGE CODE
Language code of text/sound track or separate title fre
042 ## - AUTHENTICATION CODE
Authentication code dc
100 10 - MAIN ENTRY--PERSONAL NAME
Personal name Géraud, Marie-Odile
Relator term author
245 00 - TITLE STATEMENT
Title Les notions clés de l'ethnologie : Analyses et textes
260 ## - PUBLICATION, DISTRIBUTION, ETC.
Name of publisher, distributor, etc. Armand Colin,<br/>
Date of publication, distribution, etc. 2024.<br/>
520 ## - SUMMARY, ETC.
Summary, etc. Devenu référence incontournable de l’entrée dans la discipline, ce manuel d’initiation à l’ethnologie présente ses méthodes et concepts fondamentaux ainsi que ses principaux paradigmes – de l’évolutionnisme au structuralisme – et ses grands domaines de recherche – parenté, économie, politique, religion… Chacune de ces contributions est présentée de manière synthétique et illustrée d’extraits de l’œuvre des auteurs les plus marquants de l’anthropologie française, britannique, américaine ou allemande, depuis les pères fondateurs (Morgan, Tylor, Boas ou Mauss) jusqu’aux contemporains (Lévi-Strauss, Balandier, Sahlins ou Geertz).Véritable instrument pédagogique, cet ouvrage, réactualisé dans cette quatrième édition, prépare l’étudiant à une lecture critique des œuvres, tout en laissant entrevoir la complexité des débats et des controverses qui ont alimenté l’histoire de cette discipline.
700 10 - ADDED ENTRY--PERSONAL NAME
Personal name Leservoisier, Olivier
Relator term author
700 10 - ADDED ENTRY--PERSONAL NAME
Personal name Pottier, Richard
Relator term author
856 41 - ELECTRONIC LOCATION AND ACCESS
Uniform Resource Identifier <a href="https://shs.cairn.info/les-notions-cles-de-l-ethnologie--9782200638542?lang=fr&redirect-ssocas=7080">https://shs.cairn.info/les-notions-cles-de-l-ethnologie--9782200638542?lang=fr&redirect-ssocas=7080</a>

Pas d'exemplaire disponible.

PLUDOC

PLUDOC est la plateforme unique et centralisée de gestion des bibliothèques physiques et numériques de Guinée administré par le CEDUST. Elle est la plus grande base de données de ressources documentaires pour les Étudiants, Enseignants chercheurs et Chercheurs de Guinée.

Adresse

627 919 101/664 919 101

25 boulevard du commerce
Kaloum, Conakry, Guinée

Réseaux sociaux

Powered by Netsen Group @ 2025